Dataset Open Access

Techert Dataset: Phage Surface Display Next-Generation Sequencing Data from Biopanning Experiments against Eu3+

Bloß, Christoph; Techert, Gerda


MARC21 XML Export

<?xml version='1.0' encoding='UTF-8'?>
<record xmlns="http://www.loc.gov/MARC21/slim">
  <leader>00000nmm##2200000uu#4500</leader>
  <datafield tag="773" ind1=" " ind2=" ">
    <subfield code="a">https://www.hzdr.de/publications/Publ-43359</subfield>
    <subfield code="i">isIdenticalTo</subfield>
    <subfield code="n">url</subfield>
  </datafield>
  <datafield tag="773" ind1=" " ind2=" ">
    <subfield code="a">10.14278/rodare.4647</subfield>
    <subfield code="i">isVersionOf</subfield>
    <subfield code="n">doi</subfield>
  </datafield>
  <datafield tag="700" ind1=" " ind2=" ">
    <subfield code="a">Techert, Gerda</subfield>
    <subfield code="u">FWGT-B</subfield>
    <subfield code="0">(orcid)0009-0004-3878-6237</subfield>
  </datafield>
  <controlfield tag="005">20260507101940.0</controlfield>
  <controlfield tag="001">4648</controlfield>
  <datafield tag="540" ind1=" " ind2=" ">
    <subfield code="u">https://creativecommons.org/licenses/by/4.0/legalcode</subfield>
    <subfield code="a">Creative Commons Attribution 4.0 International</subfield>
  </datafield>
  <datafield tag="500" ind1=" " ind2=" ">
    <subfield code="a">This research received funding from the German Federal Ministry of Education and Research (BMBF), Grand number  031B1348A, 3145129048, 031B1506 and 031B0828A; as well as supported by the project FINEST of the Investment and Networking Fund of the Helmholtz Association under grant agreement no. KA2-HSC-10.</subfield>
  </datafield>
  <datafield tag="980" ind1=" " ind2=" ">
    <subfield code="a">dataset</subfield>
  </datafield>
  <datafield tag="856" ind1="4" ind2=" ">
    <subfield code="s">12571139465</subfield>
    <subfield code="u">https://rodare.hzdr.de/record/4648/files/PhD12_Eu_Agarosebeads.zip</subfield>
    <subfield code="z">md5:2845d2973ca3328686c139c9f654760d</subfield>
  </datafield>
  <datafield tag="653" ind1=" " ind2=" ">
    <subfield code="a">Phage Surface Display</subfield>
  </datafield>
  <datafield tag="653" ind1=" " ind2=" ">
    <subfield code="a">Next Generation Sequencing</subfield>
  </datafield>
  <datafield tag="653" ind1=" " ind2=" ">
    <subfield code="a">Computational Biology</subfield>
  </datafield>
  <datafield tag="653" ind1=" " ind2=" ">
    <subfield code="a">Data Evaluation</subfield>
  </datafield>
  <datafield tag="653" ind1=" " ind2=" ">
    <subfield code="a">Phage Library</subfield>
  </datafield>
  <datafield tag="653" ind1=" " ind2=" ">
    <subfield code="a">Peptide Library</subfield>
  </datafield>
  <datafield tag="653" ind1=" " ind2=" ">
    <subfield code="a">Bioinformatics</subfield>
  </datafield>
  <datafield tag="653" ind1=" " ind2=" ">
    <subfield code="a">DeepPhage</subfield>
  </datafield>
  <datafield tag="520" ind1=" " ind2=" ">
    <subfield code="a">&lt;p&gt;Phage Surface Display Next-Generation Sequencing data of screenings for peptides with a high affinity for Europium(III) ions (Eu3+). The experiments involved conducting multiple biopanning experiments with the Ph.D.-12 Phage Display Peptide Library ((Ph.D.&amp;trade;-12 Phage Display Peptide Library Kit, New England Biolabs GmbH, Frankfurt am Main, Germany (NEB)), employing diverse elution methods.&lt;/p&gt;</subfield>
  </datafield>
  <datafield tag="909" ind1="C" ind2="O">
    <subfield code="o">oai:rodare.hzdr.de:4648</subfield>
    <subfield code="p">openaire_data</subfield>
    <subfield code="p">user-energy</subfield>
    <subfield code="p">user-fwg</subfield>
    <subfield code="p">user-hzdr</subfield>
    <subfield code="p">user-rodare</subfield>
  </datafield>
  <datafield tag="100" ind1=" " ind2=" ">
    <subfield code="a">Bloß, Christoph</subfield>
    <subfield code="u">FWGT-B</subfield>
    <subfield code="0">(orcid)0009-0000-0807-7684</subfield>
  </datafield>
  <datafield tag="041" ind1=" " ind2=" ">
    <subfield code="a">eng</subfield>
  </datafield>
  <datafield tag="024" ind1=" " ind2=" ">
    <subfield code="a">10.14278/rodare.4648</subfield>
    <subfield code="2">doi</subfield>
  </datafield>
  <datafield tag="245" ind1=" " ind2=" ">
    <subfield code="a">Techert Dataset: Phage Surface Display Next-Generation Sequencing Data from Biopanning Experiments against Eu3+</subfield>
  </datafield>
  <datafield tag="650" ind1="1" ind2="7">
    <subfield code="a">cc-by</subfield>
    <subfield code="2">opendefinition.org</subfield>
  </datafield>
  <datafield tag="542" ind1=" " ind2=" ">
    <subfield code="l">open</subfield>
  </datafield>
  <datafield tag="980" ind1=" " ind2=" ">
    <subfield code="a">user-energy</subfield>
  </datafield>
  <datafield tag="980" ind1=" " ind2=" ">
    <subfield code="a">user-fwg</subfield>
  </datafield>
  <datafield tag="980" ind1=" " ind2=" ">
    <subfield code="a">user-hzdr</subfield>
  </datafield>
  <datafield tag="980" ind1=" " ind2=" ">
    <subfield code="a">user-rodare</subfield>
  </datafield>
  <datafield tag="260" ind1=" " ind2=" ">
    <subfield code="c">2026-05-07</subfield>
  </datafield>
</record>
67
2
views
downloads
All versions This version
Views 6767
Downloads 22
Data volume 25.1 GB25.1 GB
Unique views 6666
Unique downloads 22

Share

Cite as